000 00922nam a22002297a 4500
999 _c305
_d305
003 AR-CdUCM
008 190220b ||||| |||| 00| 0 spa d
020 _a1501012004-7372
040 _aMUNICIPALIDAD PROVINCIAL DEL CUSCO
_cBIBLIOTECA MUNICIPAL DEL CUSCO
082 _a801 /
_bR68
100 _aRivera Dávalos, Julio César
_91252
245 _aEl mito de un símbolo patrio /
_cJulio César Rivera Dávalos
260 _aPerú :
_bIIPCIAL,
_c2004.
300 _a428 páginas ;
_c22 cm.
505 _aContenido: Aspectos preliminares y básicos en un himno patrio -- composición literaria de un himno patrio -- fenomenología de un himno nacional ...
650 _aHimnos nacionales
_91253
650 _aPatriotismo
_91254
650 _aEnsayos, conferencias
_91255
710 _aInstituto de Investigación para la Paz, Cultura e Integración de América Latina (Lima)
_91256
942 _2ddc
_cLIBROS
945 _arac